00973nam a22002777a 45000010005000000030006000050050017000110080041000280200018000690400029000870500009001160820010001251000016001352450067001512600037002183000046002555050008003015200092003095210018004015210019004196500058004387000032004969420015005289990015005439520137005587656FISKH20250730084438.0250730b cb ||||| |||| 00| 0 eng d a2210448428566 aFISKHbengcFISKHdFISKH aPZ7  a790.1 aIves, Alex  aBuilding blocks / cby Alex Ives ; illustrated by Philip Webb  aNew York : bScholastic, c2011. a8 pages : bcolor illustrations ; c21 cm aaa  aSimple text and illustrations describe different things that can be built with blocks. 8 a20 bLexile 8 aaa bRaz-Plus  aSchool DaysvRealistic FictionxFriends yIndependent aWebb, Philip eillustrator  2ddccBKn0 c7656d7656 00102ddc40708JUVFa001b001cTK Green 7-57-60d2025-07-30l0oIVE 790.1 PZ7pFISTK02870r2025-07-30 08:44:36t1w2025-07-30yBK